000 00473nam a22001937a 4500
003 NUST - PNEC
005 20170116180924.0
008 150905b xxu||||| |||| 00| 0 eng d
020 _a0026647303
020 _a0026647206
020 _a0026647001
040 _cLIBRARY
082 _a621.31 MIL
100 _97954
_aMiller, Rex
245 _aIndustrial electricity
_cRex Miller
260 _cc.1982
650 _97955
_aElectrical engineering
_xEE
942 _2ddc
_cBK
999 _c65726
_d65726